000 00533nmm a2200193Ia 4500
008 251105s9999||||xx |||||||||||||||||und||
020 _a9788417308766
041 _aspa
100 _aPhillips, Helen
245 0 _aLa hermosa burócrata
264 _a[Madrid, España] :
_bSiruela,
_c2018
300 _a192 páginas
490 _aNuevos tiempos
650 _aNorth American narrative
700 _aPhillips, Helen
700 1 _a de la Rubia, Daniel
856 _uhttps://public.digitaliapublishing.com/a/68377
942 _cCF
999 _c70017
_d70017